000 01027pab a2200181 454500
008 180718b2003 xxu||||| |||| 00| 0 eng d
100 _aRamulu, Ch. Bala
245 _aWater resource management: Reforms in Andhra Pradesh
260 _c2003
300 _ap.475-488.
362 _aJul-Sep
520 _aIn this article, an attempt is made to analyse the impact of water resource management reforms initiated by the government of Andhra Pradesh, recently on various agricultural classes, groups and the rural economy. The article is divided into three sections. The first section deals with the need for water conservation and its sustainable utilisation in the state. The second section discusses reforms on water resource management and their impact and the third section presents the conclusion of the study. - Reproduced.
650 _aWater resources management - India - Andhra Pradesh
650 _aWater resources management
773 _aIndian Journal of Public Administration
908 _aN
909 _a58591
999 _c58591
_d58591